Word Ladder: So Much to See and Do Quiz Stats

Quiz Updated Apr 16, 2015

Challenge
Share
Tweet
Embed
Score 0/14 Timer 01:30
0 Plays Today
Clue 4-Letter Word % Correct
Get a lower ____ tattooBACK
96.2%
Get an autograph from Brad ____PITT
94.6%
Taste every seasoning on the spice ____RACK
93.8%
Drink a ____ of Guinness in DublinPINT
91.2%
⚜ Check off everything on this ____! ⚜☑LIST☑
89.9%
____ in a soap box derbyRACE
87.7%
Let an acupuncturist stick ____ in my bodyPINS
86.8%
Clue 4-Letter Word % Correct
Make a lantern out of Japanese ____ paperRICE
84.7%
Visit the La Brea Tar ____PITS
84.5%
Go ____-rolling with rapper DrakeLINT
80.3%
⚜ Play basketball with a Milwaukee ____☑BUCK☑
75.6%
Hear Stravinsky's 'The ____ of Spring' performed liveRITE
74.7%
⚜ Drive around in ____ like Knight Rider ⚜☑KITT☑
73.5%
Go ____surfing in the CaribbeanKITE
72.6%

Today's Daily Dose

Word Ladder
'90s Movies

Quick Pick
'Fire' Movies

On This Day
June 19th II

You're not logged in!

Compare scores with friends on all Sporcle quizzes.
Join for Free
OR
Log In

You Might Also Like...

Show Comments

Extras

Top Quizzes Today


Score Distribution

Your Account Isn't Verified!

In order to create a playlist on Sporcle, you need to verify the email address you used during registration. Go to your Sporcle Settings to finish the process.

Report this User

Report this user for behavior that violates our Community Guidelines.

Details: